000 00433nam a2200169Ia 4500
008 230524s9999 xx 000 0 und d
082 _a6
_bMAR
100 _aMadhulika Jain (Dr.)
245 0 _aComputer Organisation and Architecture
250 _a1ST
260 _aNEW DELHI
_bBPB
_c2003
300 _aIX;559
500 _aQuantity Number: 2
650 _aComp-Sc
700 _a" Vineeta Pillai , Satish Jain,,,"
942 _cBK
999 _c37250
_d37250